Thực nghiệm chuyển hóa nước tiểu thành phân bón : Luận văn tốt nghiệp Đại học

Đề tài khảo sát các thông số ảnh hưởng cho việc sản xuất phân bón chuyển hóa từ nước tiểu, đáp ứng nhu cầu chất dinh dưỡng cho cây trồng với chi phí thấp mang lại hiệu quả kinh tế và bảo vệ môi trường....

ver descrição completa

Na minha lista:
Detalhes bibliográficos
Autor principal: Lê, Thị Thanh Phương
Formato: Livro
Idioma:Undetermined
Publicado em: Cần Thơ Trường Đại học Cần Thơ 2005
Assuntos:
Tags: Adicionar Tag
Sem tags, seja o primeiro a adicionar uma tag!
Thư viện lưu trữ: Trung tâm Học liệu Trường Đại học Cần Thơ
LEADER 01180nam a2200217Ia 4500
001 CTU_143264
008 210402s9999 xx 000 0 und d
082 |a 628.4 
082 |b Ph561 
088 |a 1010735,1010739 
100 |a Lê, Thị Thanh Phương 
245 0 |a Thực nghiệm chuyển hóa nước tiểu thành phân bón : 
245 0 |b Luận văn tốt nghiệp Đại học 
245 0 |c Lê Thị Thanh Phương, Lê Văn Sơn; Lê Anh Tuấn, Nguyễn Thanh Phong (Giáo viên hướng dẫn) 
260 |a Cần Thơ 
260 |b Trường Đại học Cần Thơ 
260 |c 2005 
520 |a Đề tài khảo sát các thông số ảnh hưởng cho việc sản xuất phân bón chuyển hóa từ nước tiểu, đáp ứng nhu cầu chất dinh dưỡng cho cây trồng với chi phí thấp mang lại hiệu quả kinh tế và bảo vệ môi trường. 
650 |a Biochemistry,Environmental sciences,Hóa sinh,Khoa học môi trường 
904 |i Trọng Hải 
980 |a Trung tâm Học liệu Trường Đại học Cần Thơ